Explanatory material on the executive assignment system (Record no. 491075)

000 -LEADER
fixed length control field 00535cam a22001457a 4500
008 - FIXED-LENGTH DATA ELEMENTS--GENERAL INFORMATION
fixed length control field 180718b1966 xxu||||| |||| 00| 0 eng d
082 ## - DEWEY DECIMAL CLASSIFICATION NUMBER
Classification number I29 Un3ex
100 ## - MAIN ENTRY--PERSONAL NAME
Personal name United States. Civil Service Commission
245 ## - TITLE STATEMENT
Title Explanatory material on the executive assignment system
Statement of responsibility, etc. by Bureau of Executive Manpower, United States
260 ## - PUBLICATION, DISTRIBUTION, ETC.
Place of publication, distribution, etc. Washington
Name of publisher, distributor, etc. Bureau of Executive Manpower
Date of publication, distribution, etc. 1966
300 ## - PHYSICAL DESCRIPTION
Extent v.p.
500 ## - GENERAL NOTE
General note Chairman: John W. Macy
700 ## - ADDED ENTRY--PERSONAL NAME
Personal name Macy, John W. (Chairman)
700 ## - ADDED ENTRY--PERSONAL NAME
Personal name United States. Bureau of Executive Manpower
Holdings
Withdrawn status Lost status Damaged status Not for loan Permanent Location Current Location Date acquired Full call number Barcode Date last seen Price effective from Koha item type
        Indian Institute of Public Administration Indian Institute of Public Administration 2018-08-04 I29 Un3ex GG6449 2018-08-04 2018-08-04 GG

Powered by Koha